Tế bào học

Giới thiệu những kiến thức cơ bản và hiện đại về cấu trúc và chức năng của tế bào: kiến thức về tổ chức phân tử và siêu cấu trúc của các bào quan, các quá trình hoạt động sống của các tế bào....

সম্পূর্ণ বিবরণ

সংরক্ষণ করুন:
গ্রন্থ-পঞ্জীর বিবরন
প্রধান লেখক: Nguyễn, Như Hiền
অন্যান্য লেখক: Trịnh, Xuân Hậu
বিন্যাস: গ্রন্থ
ভাষা:Undetermined
প্রকাশিত: H. Đại học Quốc gia Hà Nội 2009
বিষয়গুলি:
অনলাইন ব্যবহার করুন:http://lrc.tdmu.edu.vn/opac/search/detail.asp?aID=2&ID=7777
ট্যাগগুলো: ট্যাগ যুক্ত করুন
কোনো ট্যাগ নেই, প্রথমজন হিসাবে ট্যাগ করুন!
Thư viện lưu trữ: Trung tâm Học liệu Trường Đại học Thủ Dầu Một
LEADER 01031nam a2200217Ia 4500
001 TDMU_7777
008 210410s9999 xx 000 0 und d
082 |a 571.6 
090 |b NG527 
100 |a Nguyễn, Như Hiền 
245 0 |a Tế bào học 
245 0 |c Nguyễn Như Hiền, Trịnh Xuân Hậu 
260 |a H. 
260 |b Đại học Quốc gia Hà Nội 
260 |c 2009 
300 |a 229tr. 
520 |a Giới thiệu những kiến thức cơ bản và hiện đại về cấu trúc và chức năng của tế bào: kiến thức về tổ chức phân tử và siêu cấu trúc của các bào quan, các quá trình hoạt động sống của các tế bào. 
650 |a Tế bào học; Sinh học; Tế bào; Tế bào học 
700 |a Trịnh, Xuân Hậu 
856 |u http://lrc.tdmu.edu.vn/opac/search/detail.asp?aID=2&ID=7777 
980 |a Trung tâm Học liệu Trường Đại học Thủ Dầu Một